| 000 | 00424pab a2200169 454500 | ||
|---|---|---|---|
| 008 | 180718b2006 xxu||||| |||| 00| 0 eng d | ||
| 100 | _aLecoeuvre-Soudain, Laurence | ||
| 245 | _aFrom marketing to project management | ||
| 260 | _c2006 | ||
| 300 | _ap.103-12. | ||
| 362 | _aDec | ||
| 650 | _aProject management | ||
| 700 | _aDeshayes, Philippe | ||
| 773 | _aProject Management Journal | ||
| 908 | _aN | ||
| 909 | _a73085 | ||
| 999 |
_c73085 _d73085 |
||